<?xml version="1.0" encoding="UTF-8"?>
<record
    xmlns:xsi="http://www.w3.org/2001/XMLSchema-instance"
    xsi:schemaLocation="http://www.loc.gov/MARC21/slim http://www.loc.gov/standards/marcxml/schema/MARC21slim.xsd"
    xmlns="http://www.loc.gov/MARC21/slim">

  <leader>01908na  a2200289   4500</leader>
  <controlfield tag="001">13506</controlfield>
  <controlfield tag="003">MIRAKIL</controlfield>
  <controlfield tag="005">20181213155156.0</controlfield>
  <controlfield tag="008">160908b        tu            000 0      </controlfield>
  <datafield tag="020" ind1=" " ind2=" ">
    <subfield code="a">0631217657</subfield>
  </datafield>
  <datafield tag="035" ind1=" " ind2=" ">
    <subfield code="a">13506</subfield>
  </datafield>
  <datafield tag="040" ind1=" " ind2=" ">
    <subfield code="a">Milas</subfield>
    <subfield code="b">tur</subfield>
    <subfield code="c">TR-AnCHP</subfield>
  </datafield>
  <datafield tag="082" ind1=" " ind2=" ">
    <subfield code="a">335.5</subfield>
    <subfield code="b">N38 1999</subfield>
  </datafield>
  <datafield tag="090" ind1=" " ind2=" ">
    <subfield code="a">335.5 N38 1999</subfield>
  </datafield>
  <datafield tag="245" ind1=" " ind2=" ">
    <subfield code="a">The new social democracy</subfield>
    <subfield code="c">edited by Andrew Gamble and Tony Wright</subfield>
  </datafield>
  <datafield tag="260" ind1=" " ind2=" ">
    <subfield code="a">Malden</subfield>
    <subfield code="b">Blackwell Publishers</subfield>
    <subfield code="c">1999</subfield>
  </datafield>
  <datafield tag="300" ind1=" " ind2=" ">
    <subfield code="a">viii, 185 s.</subfield>
    <subfield code="c">25 sm.</subfield>
  </datafield>
  <datafield tag="504" ind1=" " ind2=" ">
    <subfield code="a">Kaynak&#xE7;a ve dizin var.</subfield>
  </datafield>
  <datafield tag="505" ind1=" " ind2=" ">
    <subfield code="a">Introduction: the new social democracy / Andrew Gamble and Tony Wright -- Premature obsequies: social democracy comes in from the cold / David Marquand -- European social democracy and new labour: unity in diversity / Donald Sassoon -- European social democracy: convergence, divisions, and shared questions / Frank Vandenbroucke -- Ownership and social democracy / Gerald Holtham -- The parabola of working class politics / Colin Crouch -- Globalisation and social democracy / Paul Hirst -- New Keynesianism and new labour / Will Hutton -- A response to Will Hutton / Ruth Kelly --Environmental democracy / Michael Jacobs -- The helmsman and the cattle prod / Anna Coote -- Social democracy in a small country: political leadership or management consultancy? / James McCormick and Graham Leichester -- New approaches to the welfare state / Julian Le Grand -- True blood or false genealogy: new labour and British social democratic thought / Michael Freeden -- 'Rights and responsibilities': a social democratic perspective/ Stuart White.</subfield>
  </datafield>
  <datafield tag="650" ind1=" " ind2=" ">
    <subfield code="a">Sosyal devlet</subfield>
    <subfield code="z">Avrupa Birli&#x11F;i &#xFC;lkeleri</subfield>
  </datafield>
  <datafield tag="650" ind1=" " ind2=" ">
    <subfield code="a">Sosyal demokrasi</subfield>
    <subfield code="x">Avrupa Birli&#x11F;i &#xFC;lkeleri</subfield>
  </datafield>
  <datafield tag="651" ind1=" " ind2=" ">
    <subfield code="a">Sosyalizm</subfield>
    <subfield code="z">Avrupa Birli&#x11F;i &#xFC;lkeleri</subfield>
  </datafield>
  <datafield tag="651" ind1=" " ind2=" ">
    <subfield code="a">Avrupa Birli&#x11F;i &#xFC;lkeleri</subfield>
    <subfield code="x">Siyaset ve y&#xF6;netim</subfield>
  </datafield>
  <datafield tag="700" ind1=" " ind2=" ">
    <subfield code="a">Wright, Anthony</subfield>
  </datafield>
  <datafield tag="700" ind1=" " ind2=" ">
    <subfield code="a">Gamble, Andrew</subfield>
  </datafield>
  <datafield tag="942" ind1=" " ind2=" ">
    <subfield code="2">dcc</subfield>
    <subfield code="c">BKS</subfield>
  </datafield>
  <datafield tag="952" ind1=" " ind2=" ">
    <subfield code="a">0001</subfield>
    <subfield code="b">0001</subfield>
    <subfield code="d">2016-08-14</subfield>
    <subfield code="e">2</subfield>
    <subfield code="l">0</subfield>
    <subfield code="o">335.5 N38 1999</subfield>
    <subfield code="p">001222</subfield>
    <subfield code="r">2016-08-14 00:00:00</subfield>
    <subfield code="v">0.00</subfield>
    <subfield code="w">2016-08-14</subfield>
    <subfield code="y">BKS</subfield>
  </datafield>
  <datafield tag="999" ind1=" " ind2=" ">
    <subfield code="c">8005</subfield>
    <subfield code="d">8005</subfield>
  </datafield>
</record>
